000 00503nam a2200181Ia 4500
005 20260429111914.0
008 260429s9999||||xx |||||||||||||| ||und||
020 _a9789354619977
041 _aEnglish
082 _a660.62
_bBHA
100 _aBhatia, Latika
245 0 _aInsights into industrial microbiology /
_cLatika Bhatia
260 _aNew Delhi :
_bDaya Publishing House,
_c2024.
300 _axi, 223 p.; hb
650 _a Industrial microbiology
650 _aBiotechnology
942 _cTB
999 _c51359
_d51359